| 000 | 00794nam a22002417a 4500 | ||
|---|---|---|---|
| 999 |
_c11765 _d11765 |
||
| 005 | 20251125232832.0 | ||
| 008 | s2545 th tha d | ||
| 020 | _a9747727412 | ||
| 040 | _aNALT | ||
| 041 | _atha | ||
| 050 | _aHF5415.33 พ643ข 2545 | ||
| 100 | 0 | _aพิชัย วาศนาส่ง | |
| 245 | 1 | 0 | _aข้างครัว 2 |
| 260 | 3 |
_aกรุงเทพฯ : _bสีดา, _c2545 |
|
| 300 |
_a159 หน้า : _b ภาพประกอบ ; _c 24 ซม. |
||
| 650 | 0 | 4 | _aวัฒนธรรม |
| 650 | 0 | 4 | _aพฤติกรรมการบริโภค |
| 650 | 0 | 4 | _aอาหาร -- แง่สังคม |
| 850 | _aNALT | ||
| 856 | 4 | 0 |
_uhttps://hdl.handle.net/20.500.14156/448545 _71 |
| 942 |
_cGB _2lcc |
||